Quiz spécial Antiquité romaine - Statistiques

Statistiques générales
  • Ce quiz a été pris 100 fois
  • Le résultat moyen est 5 sur 20
Statistiques - réponses
Hint Réponse % Correct
Avant sa soumission par César, quel adjectif qualifiait la partie de la Gaule pas encore romanisée, en référence aux longs cheveux et épaisses moustaches portés par ses hommes ? La Gaule chevelue
65%
Des rameaux de quel arbuste était composée la couronne qui récompensait un général victorieux sous la République et l’Empire romain ? Laurier
65%
Quelle ville française était connue sous le nom de "Nemausus" à cette époque ? Nîmes
56%
Comment les Romains appelaient-ils la mer Méditerranée ? Mare Nostrum
50%
Quelle divinité à deux visages, tournés respectivement vers le passé et l'avenir, est considérée comme le dieu romain des commencements et des fins ? Janus
48%
En 390 avant J-C, lors de l'attaque du chef gaulois cité plus haut, mettant Rome à sac et l'incendiant, quels animaux ont donné l'alerte aux Romains réfugiés dans la citadelle du Capitole, sauvant ainsi temporairement le peuple romain ? Des oies
45%
Comment s'appelle le plus vaste et plus ancien hippodrome de Rome, construit dès 599 avant J-C ? Le Circus maximus
35%
Lorsque Jésus a prononcé la célèbre phrase « Rendez donc à César ce qui est à César et à Dieu ce qui est à Dieu », de quel empereur romain parlait-il ? Tibère
33%
Dans l'Antiquité romaine, par quel terme spécifique dénommait-on un conducteur de char, dans les courses du cirque ? Un aurige
24%
Quel chef gaulois du IVe siècle avant J-C aurait prononcé la fameuse phrase « Malheur aux vaincus », après avoir vaincu Rome ? Brennus
20%
Quel type de gladiateur romain utilisait un filet, un trident et un poignard pour combattre ? Le rétiaire
19%
Dans la Rome antique, comment appelait-on un spectacle de combat naval dans une arène ? Une naumachie
19%
Quel long canal constituait le principal égout collecteur de la Rome antique ? La Cloaca Maxima
15%
Quel édifice antique était dédié au chant, aux représentations musicales et aux concours de poésie et de musique ? L'odéon
11%
Quelle voie romaine a été construite pour relier l’Italie à la péninsule ibérique, en traversant la Gaule narbonnaise ? La Via Domitia
10%
Quelles chaussures montantes de l'Antiquité romaine, à semelles très épaisses, étaient portées par les tragédiens du théâtre antique ? Les cothurnes
8%
Sous quel nom les Romains connaissaient-ils l'île que nous appelons aujourd'hui "Irlande" ? Hibernie
5%
Comment s'appelait le cheval favori de Caligula, qui lui avait construit une écurie en marbre, une mangeoire en ivoire, et voulait même le nommer consul ? Incitatus
1%
Selon Ovide, par quel animal Rémus et Romulus auraient-ils été nourris ?Hint : Ce n'est pas celui que tu crois Un pivert
1%
Dans l’Antiquité romaine, comment appelait-on le sacrifice expiatoire, où le prêtre se faisait arroser du sang d’un taureau égorgé, notamment dans les cultes de Cybèle et de Mithra ? Le taurobole
0%
Aucun quiz correspondant
Distribution des résultats
% des personnes avec chaque résultat
Percentile par nombre de réponses
Votre historique - résultats
Vous n’avez pas pris ce quiz